00720nam a22002177a 450000500170000001000150001702000270003203500130005903700130007208200080008510000200009324501010011326000350021427000630024930000330031250000670034565000150041265000260042765000230045370000260047620150827144650.0 aENG-113390 a9789381523476c1495.00 aEN-96922 bDBAD/PUB a230 aChoudhuri, Usha aHinduism :cby Usha Choudhuri [and] Indra Nath Choudhuriba way of life and a mode of thought / aNew Delhi bNiyogi Booksc2012 aD-78, Okhla Industrial Area, Phase-I, bNew Delhi e110020 a280p. :c27cm(Hb)bcol. ill. a Includes bibliographical references (p. [262]-265) and index. a Hinduism. aHinduism xDoctrines. a Hindu philosophy. aChoudhuri, Indra Nath